Yale economic review

Detalles Bibliográficos
Autor Corporativo: Yale University
Formato: Desconocido
Lenguaje:inglés
Publicado: [New Haven, CT] : Yale Economic Review
Materias:
Acceso en línea:Acceso restringido

MARC

LEADER 00000ny a22000003n 4500
005 2011051605215.0
008 060525c20059999ctuuu p s 0 a0eng c
022 0 |a 1932-037X 
035 |a 5146 
040 |a MnMULS  |d vLex 
050 |a ISSN RECORD 
082 1 0 |a 330  |2 14 
090 |c 1919  |d 1919 
245 3 0 |a Yale economic review  |h [Recurso electrn̤ico] 
246 3 |a YER 
256 |a Servicio en ln̕ea 
260 |a [New Haven, CT] :  |b Yale Economic Review 
506 1 |a Contenido solo disponible en los productos indicados  |d vLex Global  |d vLex Global (Academic Edition, excluding Law Schools)  |d vLex Global (U.S. Academic Edition, excluding Law Schools) 
650 0 4 |a Economa̕  |v Publicaciones perid̤icas 
710 2 |a Yale University 
740 |a vLex Revista (Servicios en ln̕ea) 
843 |a Electrn̤ica. Abierta 
853 |8 1  |i (year)  |j (month)  |k (day) 
856 4 0 |z Acceso restringido  |u http://vlex.com/account/login_ip?fuente_id=5146 
942 |c REV